000 00363nam a2200157Ia 4500
008 210716s2018 xx 000 0 und d
020 _a9789386021106
041 _aeng
082 _a374.22 THAS
100 _aTharoor, Shashi.
245 _aWhy i am a hindu.
250 _a1
260 _aNew Delhi
_c2018
300 _axvi,302
650 _aGeneral Knowledge
999 _c210437
_d210437